000 00774nam a2200229Ia 4500
003 GCL
005 20240530095646.0
008 140319s9999 xx 000 0 ara d
020 _a3299917977
040 _aGCL /
_cGCL
082 0 4 _a539.2
_bم ف
100 1 _aمحمد احمد على احمد
245 1 0 _aالفيزياء :
_bالتطبيقات العلمية للاشعاع /
_cمحمد احمد على احمد
260 _aالقاهرة :
_bوكالة آيات للإعلان ،
_c2006
300 _a248 ص ؛
_c24 سم
650 0 4 _aالفيزياء النووية
650 0 4 _aالفيزياء الاشعاعية
650 0 4 _aالالكترونيات
650 0 4 _aالنشاط الاشعاعى
650 0 4 _aالطب النووى
942 _2ddc
_cBK
999 _c9266
_d9266